Towns and cities: guess the region (6) - Statistics

General Stats
  • This quiz has been taken 13 times
  • The average score is 12 of 20
Answer Stats
Hint Explanation Answer % Correct
Mannheim Germany Baden-Württemberg
100%
Mumbai India Maharashtra
100%
Chachapoyas Peru Amazonas
89%
Cox's Bazar Bangladesh Chittagong
89%
's-Hertogenbosch The Netherlands North Brabant
89%
Pescara Italy Abruzzo
78%
Brașov Romania Centru
78%
Székesfehérvár Hungary Közép-Dunántúl
78%
Makhachkala Russia Dagestan
67%
Wiltz Luxembourg Diekirch
67%
Bir Lahmar Tunisia Tataouine
67%
Zermatt Switzerland Valais
67%
Kokopo Papua New Guinea East New Britain
56%
Tehran Iran Region 1
56%
Hill 20 St Lucia Castries District
44%
Moçâmedes Angola Namibe
44%
Uzorong Gewog Bhutan Trashigang
33%
Djambala Congo Plateaux
22%
Anna Regina Guyana Pomeroon-Supenaam
11%
Demir Kapija North Macedonia Vardar
11%
No matching quizzes found
Score Distribution
Percent of People with Each Score
Percentile by Number Answered
Your Score History
You have not taken this quiz